[Event "Politiken Cup 36th"]
[Site "Helsingor"]
[Date "2014.07.29"]
[Round "10"]
[White "Christenson, Bjorn Aa"]
[Black "Nilsson, Carl Axel"]
[Result "1/2-1/2"]
[WhiteElo "1931"]
[BlackElo "1696"]
[PlyCount "154"]
[EventDate "2014.07.21"]
[EventType "swiss"]
[EventRounds "10"]
[EventCountry "DEN"]
[SourceTitle "CBM 161 Extra"]
[Source "ChessBase"]
[SourceDate "2014.08.29"]
[SourceVersion "1"]
[SourceVersionDate "2014.08.29"]
[SourceQuality "1"]

1. e4 c5 2. Nf3 d6 3. d4 cxd4 4. Nxd4 Nf6 5. Nc3 a6 6. Bg5 e6 7. f4 Be7 8. Qf3 h6 9. Bh4 g5 10. fxg5 Nfd7 11. Bg3 hxg5 12. 0-0-0 Qc7 13. Be2 Ne5 14. Qf2 Nbc6 15. Nxc6 Qxc6 16. h4 gxh4 17. Bxh4 Bxh4 18. Rxh4 Rf8 19. Qf6 Qc7 20. Rh8 Qe7 21. Rxf8+ Qxf8 22. Rh1 Kd7 23. Na4 Qd8 24. Qf2 Kc6 25. c4 b5 26. cxb5+ axb5 27. Nc3 Ba6 28. Kb1 Qb6 29. Qxb6+ Kxb6 30. Rd1 Kc6 31. b4 Ra7 32. a4 Rb7 33. axb5+ Bxb5 34. Bxb5+ Rxb5 35. Nxb5 Kxb5 36. Rxd6 Kxb4 37. Kc1 Kc5 38. Rd8 Kc6 39. Kd1 Kc7 40. Rd4 Nd7 41. Ke2 Kd8 42. g4 Ke7 43. Kf2 Ne5 44. Kg3 Kf6 45. Ra4 Ng6 46. Ra5 Kg7 47. e5 Nh8 48. Kf3 Ng6 49. Ke3 Nh8 50. Ra1 Ng6 51. Kd4 Kf8 52. Re1 Kg7 53. Kc5 Kf8 54. Kd6 Kg7 55. Rf1 Kg8 56. Re1 Kf8 57. Kd7 Ne7 58. Rh1 Ng6 59. Rh5 Kg7 60. Ke8 Nf4 61. Rh2 Ng6 62. Re2 Kg8 63. Kd7 Kf8 64. Kd6 Kg7 65. Kc5 Nf4 66. Rh2 Ng6 67. Kd4 Ne7 68. Ke4 Ng6 69. g5 Ne7 70. Re2 Ng6 71. Kf3 Nh4+ 72. Kg4 Ng6 73. Re1 Ne7 74. Kh5 Ng6 75. Re4 Ne7 76. Kg4 Ng6 77. Re1 Kg8 1/2-1/2

[Event "Politiken Cup 36th"]
[Site "Helsingor"]
[Date "2014.07.26"]
[Round "7"]
[White "Laustsen, Lars"]
[Black "Christenson, Bjorn Aa"]
[Result "1-0"]
[WhiteElo "2115"]
[BlackElo "1931"]
[PlyCount "63"]
[EventDate "2014.07.21"]
[EventType "swiss"]
[EventRounds "10"]
[EventCountry "DEN"]
[SourceTitle "CBM 161 Extra"]
[Source "ChessBase"]
[SourceDate "2014.08.29"]
[SourceVersion "1"]
[SourceVersionDate "2014.08.29"]
[SourceQuality "1"]

1. d4 Nf6 2. c4 e6 3. g3 d5 4. Nf3 Bb4+ 5. Bd2 Bxd2+ 6. Nbxd2 b6 7. Bg2 Bb7 8. 0-0 Nbd7 9. cxd5 exd5 10. b4 0-0 11. b5 a6 12. a4 axb5 13. axb5 Qe7 14. e3 c6 15. bxc6 Bxc6 16. Qb3 Ra5 17. Rxa5 bxa5 18. Qc3 Qd6 19. Rc1 Bb7 20. Qxa5 Ra8 21. Qb5 Ba6 22. Qa4 Bb7 23. Qb3 Ba6 24. Qb2 Rb8 25. Qa1 h6 26. Ne5 Rb6 27. Qa5 Bb7 28. Nd3 Bc6 29. Nf3 Rb8 30. Qa6 Rb6 31. Qc8+ Qf8 32. Rxc6 1-0

[Event "Politiken Cup 36th"]
[Site "Helsingor"]
[Date "2014.07.22"]
[Round "2"]
[White "Huse, Sigurd Kjelsbol"]
[Black "Christenson, Bjorn Aa"]
[Result "0-1"]
[WhiteElo "1675"]
[BlackElo "1931"]
[PlyCount "100"]
[EventDate "2014.07.21"]
[EventType "swiss"]
[EventRounds "10"]
[EventCountry "DEN"]
[SourceTitle "CBM 161 Extra"]
[Source "ChessBase"]
[SourceDate "2014.08.29"]
[SourceVersion "1"]
[SourceVersionDate "2014.08.29"]
[SourceQuality "1"]

1. e4 c5 2. Nf3 d6 3. Bb5+ Bd7 4. Bxd7+ Nxd7 5. c4 Ngf6 6. Nc3 e6 7. d4 cxd4 8. Nxd4 a6 9. 0-0 Be7 10. Be3 0-0 11. f3 Rc8 12. Qe2 Qc7 13. Rac1 Rfe8 14. b3 Qa5 15. Qd2 Rcd8 16. Rfd1 Qh5 17. Nde2 Nb8 18. Nf4 Qa5 19. Qf2 Rc8 20. Bb6 Qg5 21. Be3 Qe5 22. Nd3 Qa5 23. Bb6 Qh5 24. Nf4 Qh6 25. Be3 g5 26. Nh3 Nh5 27. f4 g4 28. f5 Qg7 29. Nf4 Nxf4 30. Bxf4 Bf6 31. Ne2 exf5 32. exf5 Be5 33. Ng3 Qf6 34. Bxe5 Qxe5 35. Rd4 f6 36. Rxg4+ Kf7 37. Re4 Qa5 38. Rce1 Re5 39. Rxe5 dxe5 40. Ne4 Rd8 41. Qh4 Nd7 42. Qxh7+ Kf8 43. Qh8+ Kf7 44. Nd6+ Ke7 45. Qxd8+ Qxd8 46. Ne4 Qb6+ 47. Kf1 Nc5 48. Nxc5 Qxc5 49. Re2 Qd4 50. Rf2 Qd1# 0-1

[Event "Politiken Cup 35th"]
[Site "Helsingor"]
[Date "2013.07.28"]
[Round "2"]
[White "Christenson, Bjorn Aa"]
[Black "Greibrokk, Ingrid Andrea"]
[Result "1-0"]
[WhiteElo "1886"]
[BlackElo "1598"]
[PlyCount "65"]
[EventDate "2013.07.27"]
[EventType "swiss"]
[EventRounds "10"]
[EventCountry "DEN"]
[SourceTitle "CBM 155 Extra"]
[Source "ChessBase"]
[SourceDate "2013.08.26"]
[SourceVersion "1"]
[SourceVersionDate "2013.08.26"]
[SourceQuality "1"]

1. e4 c5 2. d4 cxd4 3. c3 dxc3 4. Nxc3 Nc6 5. Nf3 d6 6. Bc4 Bd7 7. Qe2 Bg4 8. Bxf7+ Kd7 9. Be3 e6 10. Qb5 Qc8 11. Bxg8 Rxg8 12. Nd2 Be7 13. f3 Bh5 14. Qxh5 h6 15. Qb5 g5 16. Rc1 a6 17. Qb3 b5 18. Ne2 Qb7 19. 0-0 Rg6 20. a4 Rag8 21. axb5 axb5 22. Nd4 Nxd4 23. Bxd4 g4 24. f4 h5 25. Ra1 Qb8 26. Ra7+ Ke8 27. f5 exf5 28. exf5 Rg5 29. Qe3 Qd8 30. f6 h4 31. Rxe7+ Kf8 32. Qe6 Qxe7 33. Qxe7# 1-0

[Event "Politiken Cup 35th"]
[Site "Helsingor"]
[Date "2013.07.27"]
[Round "1"]
[White "Aabling Thomsen, Jakob"]
[Black "Christenson, Bjorn Aa"]
[Result "1-0"]
[WhiteElo "2370"]
[BlackElo "1886"]
[PlyCount "107"]
[EventDate "2013.07.27"]
[EventType "swiss"]
[EventRounds "10"]
[EventCountry "DEN"]
[SourceTitle "CBM 155 Extra"]
[Source "ChessBase"]
[SourceDate "2013.08.26"]
[SourceVersion "1"]
[SourceVersionDate "2013.08.26"]
[SourceQuality "1"]

1. e4 e5 2. Nf3 Nc6 3. Bc4 Nf6 4. d3 Bc5 5. 0-0 d6 6. c3 0-0 7. h3 h6 8. Re1 Re8 9. Nbd2 Bb6 10. Nf1 Ne7 11. Qb3 Rf8 12. d4 Nc6 13. dxe5 Na5 14. Qb4 Nc6 15. Qb3 Nxe5 16. Nxe5 dxe5 17. Ng3 Nd7 18. a4 Qf6 19. Be3 Bxe3 20. Rxe3 Nc5 21. Qc2 Be6 22. Rf3 Qe7 23. Nf5 Bxf5 24. Rxf5 g6 25. Rf3 Kg7 26. Rd1 Rad8 27. Rxd8 Qxd8 28. b4 Nd7 29. a5 b6 30. Rd3 Qe7 31. Qa4 Nf6 32. Qc6 Rd8 33. Rxd8 Qxd8 34. Bd5 bxa5 35. bxa5 Nxd5 36. exd5 Qd6 37. Qb7 Qc5 38. a6 e4 39. Qb2 Qc4 40. Qb7 Qc5 41. c4 e3 42. Qb2+ Kg8 43. fxe3 Qxe3+ 44. Qf2 Qb6 45. Qxb6 cxb6 46. Kf2 Kf8 47. Ke3 Ke7 48. g4 Kd6 49. Ke4 f6 50. h4 Kc5 51. h5 gxh5 52. gxh5 b5 53. cxb5 Kxb5 54. Kf5 1-0

[Event "NOR-ch Class1"]
[Site "Lillehammer"]
[Date "2013.06.29"]
[Round "7"]
[White "Dyrnes, Jussi"]
[Black "Christenson, Bjorn Aa"]
[Result "0-1"]
[WhiteElo "1854"]
[BlackElo "1886"]
[PlyCount "83"]
[EventDate "2013.06.29"]
[EventType "swiss"]
[EventRounds "9"]
[EventCountry "NOR"]
[SourceTitle "EXT 2015"]
[Source "ChessBase"]
[SourceDate "2014.11.20"]
[SourceVersion "1"]
[SourceVersionDate "2014.11.20"]
[SourceQuality "1"]

1. e4 e5 2. Nf3 Nc6 3. Bb5 a6 4. Bxc6 dxc6 5. h3 Bc5 6. 0-0 f6 7. d3 Be6 8. Nbd2 Ne7 9. Nb3 Bb6 10. Bd2 Ng6 11. Na5 Rb8 12. Nc4 Ba7 13. a4 Qd7 14. Kh2 0-0 15. b3 Rbd8 16. Qc1 Qc8 17. Ng1 Rfe8 18. g3 b5 19. Ne3 Bd4 20. Ra2 Qb7 21. Ne2 Qc8 22. g4 Bc5 23. Nf5 Bxf5 24. gxf5 Nh4 25. Be3 Nf3+ 26. Kg2 Nd4 27. Ng3 b4 28. Qd1 Qd7 29. Rb2 a5 30. Qg4 Kh8 31. h4 Rg8 32. Rh1 g6 33. Qh3 gxf5 34. exf5 Qd5+ 35. Kf1 Qf3 36. Rb1 Rxg3 37. Qxg3 Qe2+ 38. Kg2 Nxf5 39. Bg5 Nxg3 40. Bxf6+ Kg8 41. Kxg3 Qxf2+ 42. Kh3 0-1

[Event "Politiken Cup 34th"]
[Site "Helsingor"]
[Date "2012.07.31"]
[Round "5"]
[White "Jacobsen, Caroline Beer"]
[Black "Christenson, Bjorn Aa"]
[Result "0-1"]
[WhiteElo "1587"]
[BlackElo "1888"]
[PlyCount "110"]
[EventDate "2012.07.28"]
[EventType "swiss"]
[EventRounds "10"]
[EventCountry "DEN"]
[SourceTitle "CBM 149 Extra"]
[Source "ChessBase"]
[SourceDate "2012.08.24"]
[SourceVersion "1"]
[SourceVersionDate "2012.08.24"]
[SourceQuality "1"]

1. e4 e5 2. Nf3 Nc6 3. Bb5 a6 4. Ba4 Nf6 5. 0-0 b5 6. Bb3 Bc5 7. Nxe5 Nxe5 8. d4 Bxd4 9. Qxd4 d6 10. Bg5 c5 11. Bxf6 gxf6 12. Qd5 Be6 13. Qd1 c4 14. f4 Qb6+ 15. Kh1 Ng4 16. Qe2 cxb3 17. cxb3 Qe3 18. Qxe3 Nxe3 19. Rf2 Rc8 20. Nc3 b4 21. f5 Bd7 22. Nd5 Nxd5 23. exd5 0-0 24. g4 Rc5 25. Rd2 Re8 26. Kg2 Re5 27. Rad1 Rexd5 28. Rxd5 Rxd5 29. Rxd5 Bc6 30. Kf2 Bxd5 31. Ke3 Kf8 32. h4 h6 33. Kf4 Ke7 34. g5 fxg5+ 35. hxg5 hxg5+ 36. Kxg5 Be4 37. a3 a5 38. Kg4 Kf6 39. Kf4 Bxf5 40. Ke3 Be6 41. axb4 axb4 42. Kf4 Bxb3 43. Ke4 Ke6 44. Kf4 d5 45. Ke3 Ke5 46. Kd3 d4 47. Kd2 Ke4 48. Ke2 d3+ 49. Kd2 f5 50. Ke1 Ke3 51. Kf1 d2 52. Kg2 d1Q 53. Kg3 Qg4+ 54. Kh2 Kf2 55. Kh1 Qg2# 0-1

[Event "Politiken Cup 34th"]
[Site "Helsingor"]
[Date "2012.07.30"]
[Round "4"]
[White "Christenson, Bjorn Aa"]
[Black "Moerling, Joakim"]
[Result "1/2-1/2"]
[WhiteElo "1888"]
[BlackElo "1685"]
[PlyCount "128"]
[EventDate "2012.07.28"]
[EventType "swiss"]
[EventRounds "10"]
[EventCountry "DEN"]
[SourceTitle "CBM 149 Extra"]
[Source "ChessBase"]
[SourceDate "2012.08.24"]
[SourceVersion "1"]
[SourceVersionDate "2012.08.24"]
[SourceQuality "1"]

1. e4 e6 2. d4 d5 3. Nd2 Nf6 4. e5 Nfd7 5. Bd3 c5 6. c3 Nc6 7. Ne2 cxd4 8. cxd4 f6 9. exf6 Nxf6 10. 0-0 Bd6 11. Nf3 Qc7 12. Bg5 0-0 13. Qc2 h6 14. Bh4 Nh5 15. Bg6 Rxf3 16. gxf3 Bxh2+ 17. Kg2 Nf4+ 18. Nxf4 Qxf4 19. Bg3 Bxg3 20. fxg3 Qxd4 21. Be8 Nb4 22. Qe2 Qd3 23. Rf2 Qxe2 24. Rxe2 Kf8 25. Bh5 Nc6 26. Rd1 d4 27. f4 Bd7 28. Bf3 Ke7 29. Kf2 Rd8 30. a3 g5 31. Bxc6 Bxc6 32. f5 e5 33. Rxe5+ Kf6 34. Rc5 Ba4 35. Rd2 d3 36. Ke3 Bc2 37. g4 Re8+ 38. Kf3 Re1 39. Rc4 Rh1 40. Re4 h5 41. Re6+ Kf7 42. gxh5 Rxh5 43. Kg4 Rh1 44. Kxg5 Rg1+ 45. Kf4 Rf1+ 46. Ke5 Rb1 47. b4 Re1+ 48. Kd6 Rf1 49. Re7+ Kf6 50. Rxb7 Rd1 51. Rxd1 Bxd1 52. Rh7 Be2 53. Kc7 d2 54. Rd7 d1Q 55. Rxd1 Bxd1 56. Kb7 a5 57. bxa5 Kxf5 58. a6 Ke6 59. Kc7 Bf3 60. a4 Ke7 61. a5 Bg2 62. a7 Bh1 63. a6 Ba8 64. Kc8 Ke8 1/2-1/2

[Event "Politiken Cup 34th"]
[Site "Helsingor"]
[Date "2012.07.29"]
[Round "3"]
[White "Ananthan, Arunn"]
[Black "Christenson, Bjorn Aa"]
[Result "1/2-1/2"]
[WhiteElo "1696"]
[BlackElo "1888"]
[PlyCount "79"]
[EventDate "2012.07.28"]
[EventType "swiss"]
[EventRounds "10"]
[EventCountry "DEN"]
[SourceTitle "CBM 149 Extra"]
[Source "ChessBase"]
[SourceDate "2012.08.24"]
[SourceVersion "1"]
[SourceVersionDate "2012.08.24"]
[SourceQuality "1"]

1. e4 e5 2. Nf3 Nc6 3. Bc4 Nf6 4. 0-0 Bc5 5. d3 h6 6. Be3 Bb6 7. Nc3 d6 8. h3 0-0 9. Nd5 Nxd5 10. Bxd5 Ne7 11. Bb3 c6 12. Qd2 Ng6 13. c3 Qf6 14. Bxb6 axb6 15. Qe3 Nf4 16. Kh2 g5 17. Ng1 Kh8 18. g3 Ng6 19. Ne2 Qg7 20. g4 Be6 21. Ng3 Nf4 22. Ne2 Nxe2 23. Qxe2 Qf6 24. Qe3 c5 25. Kg2 Kg7 26. f3 Bxb3 27. axb3 Qe6 28. c4 b5 29. Qd2 b4 30. Qc2 h5 31. Ra4 Rxa4 32. bxa4 h4 33. b3 Qf6 34. Qd2 Qf4 35. Qxf4 exf4 36. Kf2 Kf6 37. Ke2 Ke5 38. Kd2 Kd4 39. Re1 Ke5 40. Rc1 1/2-1/2